| 000 | 00331nam a2200133Ia 4500 | ||
|---|---|---|---|
| 005 | 20251222155145.0 | ||
| 008 | 251222s9999||||xx |||||||||||||| ||spa|| | ||
| 082 | _aPED.01.2 | ||
| 100 | _aBEHRMAN V. | ||
| 245 | 0 | _aNelson Tratado de PediatrĂa 12a. Edic. Vol. II | |
| 250 | _a12va. ed. | ||
| 264 | _bInteramericana | ||
| 942 | _cLIB | ||
| 999 |
_c39326 _d39326 |
||